grand qcm football - Statistiques

Statistiques générales
  • Ce quiz a été pris 218 fois
  • Le résultat moyen est 23 sur 50
Statistiques - réponses
Question Réponse % Correct
Quel grande nation du football ne s'est pas qualifié pour la coupe du monde 2022 pour la seconde fois consécutif ? Italie
100%
Qui a gagné le plus de CAN ? Egypte
90%
Aucune équipe d'Asie et d'Afrique ont déjà atteint une 1/2 finale de Coupe du monde ? Faux
90%
Contre quel équipe Monaco perd sa finale de ligue des champions en 2004 ? FC Porto
80%
Qui a remporté le plus de Premier League ? Manchester United
80%
Quel équipe a gagné le plus de Ligue Europa ? Séville
80%
Quel a été le célèbre club de ligue 1 entrainé par Guy Roux ? Auxerre
70%
Quel champion du monde 1998 est co-commentateur des matchs de l'équipe de France avec Grégoire Margotton ? Bixente Lizarazu
70%
Qui n'a jamais remporté la ligue des champions ? Crystal Palace
70%
Par le passé, à la place de la prolongation on avait le droit à quoi ? Le but en or
70%
MERCI d'être allé jusqu'au bout du quiz, pour finir question facile Quel terme n'appartient pas au football ? L'essaie
70%
L'Italie a gagné qu'un seul match de coupe du monde depuis la finale 2006 ? Vrai
70%
Combien de but a été encaissé par l'Equipe de France en 1998 ? 2
60%
L'allemagne a remporté l'euro... fois 3
60%
Entre la saison de ligue 1 ( 2011-2012 ) et la saison ( 2021-2022 ) combien de clubs différents ont gagné le championnat ? 4
60%
Quel équipe de la LDC 2019 a fait l'exploit d'éliminer la Juventus et le Réal Madrid avant de s'incliner de très peu contre Tottenham ? Ajax Amsterdam
60%
Qui en a profité lors de la finale de l'Euro 2000 ? David Trezeguet
60%
Quel équipe a déjà remporté deux coupe du monde consécutives ? Italie
60%
Quel équipe de la LDC 2020 a fait l'exploit d'éliminer la Juventus et Manchester City avant de s'incliner contre le Bayern de Munich ? OL
60%
La France a gagné sa place à la coupe du monde 2014 au barrage contre... Ukraine
60%
en 2010, les Pays Bas perdent leur ... finales de coupe du monde 3ème
50%
Quel est le record de but sur une finale de coupe du monde ? 7
50%
Combien d'Equipe différente ont remporté la coupe du monde ? ( l'Allemagne de l'ouest ne compte pas comme équipe différente ) 8
50%
Combien d'Equipe différente ont remporté la copa América ? 8
50%
Quel nation a perdu le plus de finale de coupe du monde ? Allemagne
50%
La France a perdu sa place à la coupe du monde 1994 à une seconde de la fin du match contre.... La Bulgarie
50%
Qui a remporté le plus de coupe de France ? Paris Saint Germain
50%
Combien de but a été marqué par l'Equipe de France en 1998 ? 15
40%
Combien de finale de coupe du monde ne contient ni Le Brésil, ni l'Argentine, ni l'Italie, ni l'Allemagne 2
40%
Hugo Lloris va disputé au Qatar sa... coupe du monde 4ème
40%
Sans compter la défaite contre l'Allemagne en 2014, contre quel équipe la France a perdu son dernier match de coupe du monde ? Afrique du Sud
40%
De quel nationalité est le créateur de la coupe du monde ? Français
40%
Combien de championnats d'Espagne ont remporté le FC Barcelone ? 26
30%
Quel est la nationalité du joueur qui a disputé le plus grand nombre de match de coupe du monde ? Allemand
30%
Qui n'a jamais fini troisième coupe du monde ? Corée du sud
30%
Qui a gagné la CAN 1982 ? Ghana
30%
Coche l'affirmation fausse: Le MILAN AC a remporté 6 ligue des champions
30%
Combien d'Equipe différente ont remporté la CAN ? 15
20%
Combien de fois Platini a terminé sur le podium du ballon d'or ? 5
20%
Lequel de ces entraîneurs n'a jamais entrainé l'Equipe de France ? Alain Giresse
20%
Avant la république tchèque et la Slovénie était uni sur une même équipe ? Faux
20%
Contre laquelle de ces nations la France n'a jamais disputé de match pour la 3e place en coupe du monde ? Angleterre
10%
Qui a le plus de titre entre l'inter de milan et le Milan AC ? Egalité
10%
Coche la mauvaise affirmation sur Lilian Thuram Il jouait à la Juventus pendant sa coupe du monde 1998
10%
Lequel de ces joueurs n'est pas dans le top 3 meilleur buteur de l'histoire de la coupe du monde ? Just Fontaine
10%
Quel est le premier club à avoir remporté la ligue 1 ? Lille
10%
Quel est le deuxième club qui a le plus de victoire en bundesliga ? Nuremberg
10%
Lequel de ces adversaires la France a rencontré en 2002 puis en 2010 ? Uruguay
10%
Qui en a remporté le plus ? Uruguay
10%
Que s'est il pas passé pour l'Equipe de France 2010 ? Un changement d'entraîneur avant le 3ème match
0%
Aucun quiz correspondant
Distribution des résultats
% des personnes avec chaque résultat
Percentile par nombre de réponses
Votre historique - résultats
Vous n’avez pas pris ce quiz